Every Minecraft Enchantment (1.21) - Statistics

General Stats
  • This quiz has been taken 43 times
  • The average score is 31 of 42
Answer Stats
Armor/Tool/Weapon Version Added Max Level Incompatible Enchants Enchantment % Correct
All Armor 1.0.0 IV Blast Protection, Fire Protection, Projectile Protection Protection
91%
All Armor/Tools/Weapons 1.9 I Infinity Mending
89%
Swords/Axes 1.0.0 V Bane of Arthropods, Smite Sharpness
89%
Swords/Axes 1.0.0 V Sharpness, Smite Bane of Arthropods
86%
All Armor 1.0.0 IV Protection, Fire Protection, Projectile Protection Blast Protection
86%
All Armor 1.0.0 IV Protection, Blast Protection, Projectile Protection Fire Protection
86%
All Armor 1.0.0 IV Protection, Blast Protection, Fire Protection Projectile Protection
86%
Swords/Axes 1.0.0 V Bane of Arthropods, Sharpness Smite
86%
Tridents 1.13 I Riptide Channeling
83%
Boots 1.9 II Depth Strider Frost Walker
83%
Tridents 1.13 III Channeling, Loyalty Riptide
83%
Maces 1.21 IV Density Breach
80%
Maces 1.21 V Breach Density
80%
All Tools 1.0.0 III Silk Touch Fortune
80%
Bows 1.1 I Mending Infinity
80%
All Armor/Tools/Weapons 1.0.0 III N/A Unbreaking
80%
All Tools 1.0.0 V N/A Efficiency
77%
Boots 1.0.0 IV N/A Feather Falling
77%
Bows 1.1 I N/A Flame
77%
Tridents 1.13 III Riptide Loyalty
77%
Crossbows 1.14 I Piercing Multishot
77%
Boots 1.8 III Frost Walker Depth Strider
74%
Swords 1.0.0 II N/A Fire Aspect
74%
Crossbows 1.14 IV Multishot Piercing
74%
All Tools 1.0.0 I Fortune Silk Touch
74%
Helmets/Turtle Shells 1.0.0 I N/A Aqua Affinity
71%
All Armor/Tools/Weapons 1.11 I N/A Curse of Vanishing
71%
Bows 1.1 V N/A Power
71%
All Armor/Heads 1.11 I N/A Curse of Binding
69%
All Armor 1.4.6 III N/A Thorns
69%
Swords 1.0.0 III N/A Looting
66%
Fishing Rods 1.7.2 III N/A Lure
66%
Boots 1.16 III N/A Soul Speed
66%
Leggings 1.19 III N/A Swift Sneak
66%
Fishing Rods 1.7.2 III N/A Luck of the Sea
63%
Swords 1.0.0 II N/A Knockback
60%
Helmets/Turtle Shells 1.0.0 III N/A Respiration
60%
Swords 1.11.1 III N/A Sweeping Edge
60%
Bows 1.1 II N/A Punch
54%
Crossbows 1.14 III N/A Quick Charge
54%
Tridents 1.13 V N/A Impaling
46%
Maces 1.21 III N/A Wind Burst
34%
No matching quizzes found
Score Distribution
Percent of People with Each Score
Percentile by Number Answered
Your Score History
You have not taken this quiz